[Event "Oberliga Baden 2122"]
[Site "Germany"]
[Date "2022.05.14"]
[Round "5.6"]
[White "Wu, Leon"]
[Black "Kick, Joachim"]
[Result "1/2-1/2"]
[WhiteElo "2005"]
[BlackElo "2105"]
[PlyCount "41"]
[EventDate "2021.10.10"]
[EventType "team-tourn"]
[EventRounds "11"]
[EventCountry "GER"]
[SourceTitle "EXT 2023"]
[Source "ChessBase"]
[SourceDate "2022.10.05"]
[SourceVersion "1"]
[SourceVersionDate "2022.10.05"]
[SourceQuality "1"]
[WhiteTeam "Baden-Baden III"]
[BlackTeam "Kuppenheim"]
[WhiteTeamCountry "GER"]
[BlackTeamCountry "GER"]

1. e4 e5 2. Nf3 Nc6 3. Bb5 a6 4. Ba4 Nf6 5. 0-0 Be7 6. Re1 b5 7. Bb3 0-0 8. d3 d6 9. c3 Na5 10. Bc2 c5 11. Nbd2 Nc6 12. Nf1 h6 13. Ng3 Re8 14. a4 Be6 15. Be3 d5 16. d4 cxd4 17. cxd4 exd4 18. Nxd4 Nxd4 19. Bxd4 dxe4 20. Nxe4 Nxe4 21. Bxe4 1/2-1/2

[Event "Oberliga Baden 2122"]
[Site "Germany"]
[Date "2022.05.01"]
[Round "4.7"]
[White "Schlager, Thomas"]
[Black "Wu, Leon"]
[Result "1/2-1/2"]
[WhiteElo "2211"]
[BlackElo "2005"]
[PlyCount "130"]
[EventDate "2021.10.10"]
[EventType "team-tourn"]
[EventRounds "11"]
[EventCountry "GER"]
[SourceTitle "EXT 2023"]
[Source "ChessBase"]
[SourceDate "2022.10.05"]
[SourceVersion "1"]
[SourceVersionDate "2022.10.05"]
[SourceQuality "1"]
[WhiteTeam "Karlsruhe"]
[BlackTeam "Baden-Baden III"]
[WhiteTeamCountry "GER"]
[BlackTeamCountry "GER"]

1. d4 Nf6 2. c4 e6 3. Nc3 Bb4 4. Qc2 c5 5. dxc5 Qc7 6. a3 Bxc3+ 7. Qxc3 Qxc5 8. Be3 Qf5 9. Nf3 Nc6 10. g3 0-0 11. Bg2 d5 12. 0-0 e5 13. cxd5 Nxd5 14. Qc5 Nxe3 15. Qxe3 Qf6 16. Rfd1 Bf5 17. b4 Bc2 18. Rdc1 Ba4 19. Rab1 a6 20. Ng5 Qe7 21. Ne4 Nd4 22. Nc5 Bb5 23. Rb2 Rac8 24. a4 Bc6 25. Bxc6 Rxc6 26. a5 Rd8 27. Kg2 Rcd6 28. Qe4 Rd5 29. e3 f5 30. Qb1 Ne6 31. Qxf5 Nxc5 32. bxc5 e4 33. Qg4 h5 34. Qe2 Rxc5 35. Rxc5 Qxc5 36. Rxb7 Qxa5 37. Qc4+ Qd5 38. Qxd5+ Rxd5 39. Re7 Ra5 40. Rxe4 Kf7 41. Rd4 Ra2 42. h4 Ke6 43. Kf3 a5 44. e4 a4 45. Rd5 g6 46. Ke3 a3 47. Rg5 Kf6 48. Ra5 Ke6 49. Ra6+ Kf7 50. f3 Ra1 51. Kf4 a2 52. Ke5 Rf1 53. Rxa2 Rxf3 54. Ra7+ Kg8 55. Ke6 Rxg3 56. Kf6 Rg4 57. e5 Rxh4 58. Kxg6 Kf8 59. Kf6 Rf4+ 60. Ke6 Rb4 61. Rh7 h4 62. Kf6 Rf4+ 63. Kg5 Rc4 64. e6 Rc1 65. Rh8+ Ke7 1/2-1/2

[Event "GER-chT U20"]
[Site "Willingen"]
[Date "2021.06.27"]
[Round "7"]
[White "Dornieden, Jonas"]
[Black "Wu, Leon"]
[Result "0-1"]
[WhiteElo "2079"]
[BlackElo "1981"]
[PlyCount "56"]
[EventDate "2021.06.24"]
[EventType "team-swiss"]
[EventRounds "7"]
[EventCountry "GER"]
[SourceTitle "CBM 203 Extra"]
[Source "ChessBase"]
[SourceDate "2021.09.30"]
[SourceVersion "1"]
[SourceVersionDate "2021.09.30"]
[SourceQuality "1"]
[WhiteTeam "Lehrte"]
[BlackTeam "Baden-Baden"]
[WhiteTeamCountry "GER"]
[BlackTeamCountry "GER"]

1. d4 Nf6 2. c4 e6 3. Nf3 b6 4. g3 Ba6 5. Qc2 c5 6. b3 d5 7. Bg2 Be7 8. 0-0 0-0 9. Bb2 Nc6 10. Rd1 cxd4 11. cxd5 Nb4 12. Qd2 d3 13. exd3 Nxd3 14. Ne5 Bb4 15. Bc3 Bxc3 16. Qxc3 Rc8 17. Qd4 Nxe5 18. Qxe5 Nxd5 19. Bxd5 exd5 20. Nc3 Re8 21. Qd4 Bb7 22. Nxd5 Bxd5 23. Rd2 Bb7 24. Qf4 Qc7 25. Qxc7 Rxc7 26. Rad1 Kf8 27. f4 Bf3 28. Rd7 Rec8 0-1

[Event "GER-chT U20"]
[Site "Willingen"]
[Date "2021.06.25"]
[Round "3"]
[White "Wu, Leon"]
[Black "Gallasch, Jonas"]
[Result "0-1"]
[WhiteElo "1981"]
[BlackElo "2112"]
[PlyCount "56"]
[EventDate "2021.06.24"]
[EventType "team-swiss"]
[EventRounds "7"]
[EventCountry "GER"]
[SourceTitle "CBM 203 Extra"]
[Source "ChessBase"]
[SourceDate "2021.09.30"]
[SourceVersion "1"]
[SourceVersionDate "2021.09.30"]
[SourceQuality "1"]
[WhiteTeam "Baden-Baden"]
[BlackTeam "Porz SG"]
[WhiteTeamCountry "GER"]
[BlackTeamCountry "GER"]

1. e4 c5 2. Nf3 Nc6 3. d4 cxd4 4. Nxd4 Nf6 5. Nc3 e5 6. Ndb5 d6 7. Bg5 a6 8. Na3 b5 9. Nd5 Be7 10. Bxf6 Bxf6 11. c4 b4 12. Nc2 a5 13. Be2 0-0 14. 0-0 Bg5 15. Qd3 Be6 16. Rad1 Ra7 17. g3 f5 18. Nde3 f4 19. Qxd6 Qxd6 20. Rxd6 Bh3 21. Ng2 Rc7 22. f3 Be7 23. Rd5 Be6 24. Rb5 Rd7 25. Kf2 Rd2 26. Rb6 Bc5+ 27. Ke1 Rxe2+ 28. Kxe2 Bxc4+ 0-1

[Event "GER-chT Christmas U16 Lasker"]
[Site "Playchess.com INT"]
[Date "2020.12.28"]
[Round "3.4"]
[White "Nedilko, Marko"]
[Black "Wu, Leon"]
[Result "0-1"]
[WhiteElo "1407"]
[BlackElo "1981"]
[PlyCount "76"]
[EventDate "2020.12.28"]
[EventType "team-swiss (blitz)"]
[EventRounds "7"]
[EventCountry "GER"]
[SourceTitle "CBM 200 Extra"]
[Source "ChessBase"]
[SourceDate "2021.03.31"]
[SourceVersion "1"]
[SourceVersionDate "2021.03.31"]
[SourceQuality "1"]
[WhiteTeam "Kastellaun"]
[BlackTeam "Baden-Baden"]
[WhiteTeamCountry "GER"]
[BlackTeamCountry "GER"]

1. e4 c5 2. Nf3 d6 3. d4 cxd4 4. Nxd4 Nf6 5. Nc3 g6 6. Be3 Bg7 7. Be2 0-0 8. 0-0 e5 9. Nf3 a6 10. Bg5 h6 11. Be3 b5 12. a3 Bb7 13. Bd3 Kh7 14. Qd2 Ng4 15. h3 Nxe3 16. Qxe3 Nd7 17. b3 Rc8 18. Nd5 f5 19. a4 bxa4 20. bxa4 Nc5 21. Rab1 Bxd5 22. exd5 e4 23. Nd4 exd3 24. cxd3 Re8 25. Ne6 Nxe6 26. dxe6 f4 27. Qxf4 Rxe6 28. Rfe1 Rxe1+ 29. Rxe1 Qf6 30. Qe4 Qe5 31. Qb4 Rb8 32. Qd2 Rb2 33. Qc1 Rc2 34. Qd1 Qc5 35. Qg4 Qxf2+ 36. Kh2 Qxe1 37. Qd7 Qe5+ 38. Kh1 Rc1# 0-1

[Event "GER-chT Christmas U16 Lasker"]
[Site "Playchess.com INT"]
[Date "2020.12.28"]
[Round "7.4"]
[White "Wu, Leon"]
[Black "Abu Laila, Faris"]
[Result "1-0"]
[WhiteElo "1981"]
[BlackElo "1001"]
[PlyCount "155"]
[EventDate "2020.12.28"]
[EventType "team-swiss (blitz)"]
[EventRounds "7"]
[EventCountry "GER"]
[SourceTitle "CBM 200 Extra"]
[Source "ChessBase"]
[SourceDate "2021.03.31"]
[SourceVersion "1"]
[SourceVersionDate "2021.03.31"]
[SourceQuality "1"]
[WhiteTeam "Baden-Baden"]
[BlackTeam "Uelzen Post"]
[WhiteTeamCountry "GER"]
[BlackTeamCountry "GER"]

1. e4 e5 2. Nf3 Nc6 3. Bb5 Nf6 4. 0-0 Bc5 5. c3 d6 6. Re1 Bg4 7. d3 0-0 8. Nbd2 Na5 9. h3 Bh5 10. Nf1 a6 11. Ba4 b5 12. Bc2 Nc6 13. Ng3 Bg6 14. Bg5 h6 15. Bh4 Qe7 16. a4 b4 17. d4 exd4 18. cxd4 Bxd4 19. Nxd4 Nxd4 20. Qxd4 c5 21. Bxf6 gxf6 22. Qd3 Qe5 23. b3 Rfe8 24. Rad1 Rad8 25. Qd5 Kg7 26. Qxe5 Rxe5 27. f3 Re6 28. Rd5 Re5 29. Red1 Rxd5 30. Rxd5 Kf8 31. Bd3 a5 32. Nf1 Ke7 33. Ne3 Kd7 34. Nc4 Kc7 35. Nxa5 Kb6 36. Nc4+ Kc6 37. Kf2 Bh7 38. Ne3 Bg8 39. Bb5+ Kb6 40. Nf5 Kc7 41. Nxh6 Bh7 42. Nxf7 Bg8 43. Nxd8 Bxd5 44. exd5 Kxd8 45. Bc4 f5 46. f4 Ke7 47. g4 fxg4 48. hxg4 Kf6 49. Kg3 Ke7 50. Kh4 Kf6 51. Kh5 Kg7 52. g5 Kg8 53. f5 Kf7 54. f6 Kg8 55. Bd3 Kf7 56. Bf5 c4 57. bxc4 b3 58. a5 b2 59. a6 b1Q 60. Bxb1 Ke8 61. Bf5 Kf7 62. Be6+ Ke8 63. g6 Kd8 64. g7 Kc7 65. g8R Kb6 66. Rb8+ Ka7 67. f7 Kxb8 68. f8Q+ Ka7 69. Qc8 Kb6 70. Qb7+ Kc5 71. a7 Kxc4 72. a8Q Kd4 73. Qa4+ Ke5 74. Qbb3 Kf6 75. Qf4+ Ke7 76. Qb7+ Ke8 77. Qf8+ Kxf8 78. Qf7# 1-0

[Event "GER-chT Christmas U16 Lasker"]
[Site "Playchess.com INT"]
[Date "2020.12.28"]
[Round "4.4"]
[White "Wu, Leon"]
[Black "Rennkamp, Johannes"]
[Result "1-0"]
[WhiteElo "1981"]
[BlackElo "1603"]
[PlyCount "57"]
[EventDate "2020.12.28"]
[EventType "team-swiss (blitz)"]
[EventRounds "7"]
[EventCountry "GER"]
[SourceTitle "CBM 200 Extra"]
[Source "ChessBase"]
[SourceDate "2021.03.31"]
[SourceVersion "1"]
[SourceVersionDate "2021.03.31"]
[SourceQuality "1"]
[WhiteTeam "Baden-Baden"]
[BlackTeam "Lueneburg Turm"]
[WhiteTeamCountry "GER"]
[BlackTeamCountry "GER"]

1. e4 c5 2. Nf3 Nc6 3. d4 cxd4 4. Nxd4 g6 5. c4 Bg7 6. Be3 d6 7. Nc3 Qb6 8. Qd2 Nxd4 9. Nd5 Qc5 10. b4 Nc2+ 11. Qxc2 Qc6 12. Rd1 e6 13. Nc3 Nf6 14. c5 dxc5 15. Bb5 Bd7 16. Bxc6 Bxc6 17. Bxc5 Rd8 18. Rxd8+ Kxd8 19. 0-0 Kc7 20. Rd1 b6 21. b5 bxc5 22. bxc6 Kxc6 23. Qa4+ Kc7 24. Qxa7+ Kc6 25. Qa4+ Kc7 26. Nb5+ Kb6 27. Rd6+ Kb7 28. Qa7+ Kc8 29. Qc7# 1-0

[Event "Baden-ch U20"]
[Site "Karlsruhe"]
[Date "2020.01.05"]
[Round "6"]
[White "Wu, Luka"]
[Black "Wu, Leon"]
[Result "1/2-1/2"]
[WhiteElo "2057"]
[BlackElo "2023"]
[PlyCount "89"]
[EventDate "2020.01.02"]
[EventType "swiss"]
[EventRounds "7"]
[EventCountry "GER"]
[SourceTitle "CBM 194 Extra"]
[Source "ChessBase"]
[SourceDate "2020.03.31"]
[SourceVersion "1"]
[SourceVersionDate "2020.03.31"]
[SourceQuality "1"]

1. e4 e5 2. Nf3 Nc6 3. Bb5 a6 4. Bxc6 dxc6 5. 0-0 f6 6. d4 exd4 7. Qxd4 Qxd4 8. Nxd4 c5 9. Nb3 Bg4 10. Bf4 0-0-0 11. Nc3 Ne7 12. f3 Bh5 13. Rfd1 Rxd1+ 14. Rxd1 Nc6 15. Kf2 c4 16. Nd4 Bc5 17. Be3 Nxd4 18. Bxd4 Bxd4+ 19. Rxd4 Rd8 20. Ke3 Bf7 21. b3 cxb3 22. cxb3 Rxd4 23. Kxd4 Kd7 24. Nd5 Bxd5 25. Kxd5 b6 26. f4 c6+ 27. Kd4 Ke6 28. b4 Kd6 29. a4 h5 30. h4 g6 31. g3 Ke6 32. Kc4 Kd6 33. Kd4 Ke6 34. Ke3 Kd6 35. Kd4 Ke6 36. Kc3 f5 37. e5 Kd5 38. a5 b5 39. Kd3 c5 40. bxc5 Kxc5 41. Kc3 Kd5 42. Kb4 Kc6 43. Kc3 Kd5 44. Kb4 Kc6 45. Kc3 1/2-1/2

[Event "GER-chT Lands U20"]
[Site "Wuerzburg"]
[Date "2019.10.06"]
[Round "7.5"]
[White "Wu, Leon"]
[Black "Lohr, Maximilian"]
[Result "1-0"]
[WhiteElo "2009"]
[BlackElo "1996"]
[PlyCount "76"]
[EventDate "2019.10.01"]
[EventType "team-swiss"]
[EventRounds "7"]
[EventCountry "GER"]
[SourceTitle "EXT 2020"]
[Source "ChessBase"]
[SourceDate "2019.10.17"]
[SourceVersion "1"]
[SourceVersionDate "2019.10.17"]
[SourceQuality "1"]
[WhiteTeam "Baden II"]
[BlackTeam "Bayern II"]
[WhiteTeamCountry "GER"]
[BlackTeamCountry "GER"]

1. e4 e5 2. Nf3 Nc6 3. Bb5 a6 4. Ba4 d6 5. c3 g6 6. d4 Bd7 7. 0-0 Bg7 8. Be3 Nf6 9. Bc2 0-0 10. h3 Nh5 11. Qd2 f5 12. dxe5 f4 13. Bd4 dxe5 14. Bb3+ Kh8 15. Bc5 Qc8 16. Bxf8 Bxf8 17. Qd5 Nf6 18. Qd3 Bxh3 19. gxh3 Qxh3 20. Ne1 Qg4+ 21. Kh2 Rd8 22. Qf3 Qc8 23. Ng2 g5 24. Rd1 g4 25. Rxd8 Qxd8 26. Qd1 Qe8 27. Kg1 Bc5 28. Nd2 Qh5 29. Be6 f3 30. Ne3 g3 31. Qxf3 gxf2+ 32. Kxf2 Qh2+ 33. Kf1 Nh5 34. Ke1 Qg1+ 35. Nef1 Nf4 36. Bf5 Be3 37. Kd1 Bxd2 38. Kxd2 Na5 1-0

[Event "Verbandsliga Suedbaden 1819"]
[Site "Baden"]
[Date "2018.10.14"]
[Round "1.6"]
[White "Wu, Leon"]
[Black "Brennenstuhl, Oliver"]
[Result "1/2-1/2"]
[WhiteElo "2009"]
[BlackElo "2061"]
[PlyCount "77"]
[EventDate "2018.10.14"]
[EventType "team-tourn"]
[EventRounds "9"]
[EventCountry "GER"]
[SourceTitle "EXT 2020"]
[Source "ChessBase"]
[SourceDate "2019.10.17"]
[SourceVersion "1"]
[SourceVersionDate "2019.10.17"]
[SourceQuality "1"]
[WhiteTeam "Baden-Baden IV"]
[BlackTeam "Lahr"]
[WhiteTeamCountry "GER"]
[BlackTeamCountry "GER"]

1. e4 e6 2. d4 d5 3. Nc3 Nf6 4. e5 Nfd7 5. f4 c5 6. Nf3 Nc6 7. Be3 cxd4 8. Nxd4 Bc5 9. Qd2 Nxd4 10. Bxd4 Bxd4 11. Qxd4 Qb6 12. Nb5 Qxd4 13. Nxd4 Ke7 14. Kd2 Nb8 15. Ke3 Nc6 16. Rd1 f6 17. c3 fxe5 18. Nxc6+ bxc6 19. fxe5 c5 20. Bd3 Bd7 21. Rhf1 Raf8 22. g3 Be8 23. Rf4 g5 24. Rxf8 Rxf8 25. Rf1 Rxf1 26. Bxf1 a5 27. b3 Bg6 28. a3 Kd7 29. b4 d4+ 30. cxd4 cxb4 31. axb4 axb4 32. Bc4 Bf5 33. Kd2 Kc6 34. Kc1 Kb6 35. Kb2 h6 36. Kb3 Ka5 37. Be2 Be4 38. Bc4 Bf5 39. Be2 1/2-1/2

[Event "Youth District Germany"]
[Site "Wuerzburg"]
[Date "2018.10.03"]
[Round "1.4"]
[White "Wu, Leon"]
[Black "Riegel, Arinna"]
[Result "0-1"]
[WhiteElo "2009"]
[BlackElo "1881"]
[PlyCount "104"]
[EventDate "2018.10.02"]
[EventType "team-swiss"]
[EventRounds "7"]
[EventCountry "GER"]
[SourceTitle "CBM 186 Extra"]
[Source "ChessBase"]
[SourceDate "2018.08.24"]
[SourceVersion "1"]
[SourceVersionDate "2018.08.24"]
[SourceQuality "1"]
[WhiteTeam "Baden U20"]
[BlackTeam "Baden U20 II"]
[WhiteTeamCountry "GER"]
[BlackTeamCountry "GER"]

1. e4 c5 2. Nf3 a6 3. Nc3 Nc6 4. a4 e6 5. d4 cxd4 6. Nxd4 Qc7 7. Be2 Nf6 8. 0-0 Be7 9. Kh1 d6 10. Be3 Bd7 11. Qd2 Rd8 12. Nb3 Na5 13. Nxa5 Qxa5 14. Rfb1 Bc6 15. b4 Qc7 16. a5 Rd7 17. f3 d5 18. Bb6 dxe4 19. Qg5 Qc8 20. Ra3 Nd5 21. Qg3 exf3 22. Bxf3 Nxb4 23. Qxg7 Rf8 24. Bh5 Nxc2 25. Rf1 Bxa3 26. Qf6 Re7 27. Rf2 Ne1 28. h3 Bxg2+ 29. Kh2 Bd6+ 30. Kg1 Nd3 31. Rxg2 Be5 32. Ne4 Qc1+ 33. Qf1 Qxf1+ 34. Kxf1 Rd7 35. Rc2 Ke7 36. Be2 f5 37. Ng5 Rg8 38. Nf3 Bf4 39. Rc4 Bg3 40. Nd4 Ne5 41. Rc3 Bh2 42. Nb3 Rg3 43. Rxg3 Bxg3 44. Nc5 Rd5 45. Nxb7 f4 46. Nc5 f3 47. Bxf3 Nxf3 48. Kg2 Bd6 49. Nxa6 Ne5 50. Nc7 Bxc7 51. Bxc7 Nc6 52. a6 Rd2+ 0-1

[Event "Baden Wuerttemberg-chT U14"]
[Site "Burg Ortenberg"]
[Date "2018.06.23"]
[Round "2.1"]
[White "Wu, Leon"]
[Black "Yi, Danny"]
[Result "0-1"]
[WhiteElo "2009"]
[BlackElo "2092"]
[PlyCount "114"]
[EventDate "2018.06.23"]
[EventType "team-tourn"]
[EventRounds "5"]
[EventCountry "GER"]
[SourceTitle "EXT 2019"]
[Source "ChessBase"]
[SourceDate "2018.10.10"]
[SourceVersion "1"]
[SourceVersionDate "2018.10.10"]
[SourceQuality "1"]
[WhiteTeam "Lindenhof U14"]
[BlackTeam "Kornwestheim U14"]
[WhiteTeamCountry "GER"]
[BlackTeamCountry "GER"]

1. e4 e5 2. Nf3 Nc6 3. Bb5 a6 4. Ba4 Nf6 5. 0-0 Be7 6. Re1 b5 7. Bb3 0-0 8. c3 d6 9. h3 Nb8 10. d4 Nbd7 11. Nbd2 h6 12. Nf1 Re8 13. Ng3 Bf8 14. Nh4 exd4 15. cxd4 Bb7 16. Qf3 c5 17. d5 Nxd5 18. Ngf5 c4 19. Qg3 cxb3 20. Bxh6 N5f6 21. Nxg7 Kh7 22. Nhf5 Rxe4 23. f4 Rxe1+ 24. Rxe1 Ne4 25. Qxb3 d5 26. Rxe4 Nc5 27. Qf3 Nxe4 28. Qh5 Qb6+ 29. Kh2 Qg6 30. Qh4 Bc6 31. g4 Bd7 32. Ne8 Bxh6 33. Ne7 Qb6 34. g5 Rxe8 35. Nxd5 Qf2+ 36. Qxf2 Nxf2 37. Nf6+ Kg6 38. Nxe8 Bxe8 39. gxh6 Kxh6 40. Kg3 Ne4+ 41. Kf3 Nd6 42. Ke2 Kg6 43. Kd3 Kf5 44. Kd4 Kxf4 45. Kc5 Ke5 46. Kb6 f5 47. h4 f4 48. h5 Bxh5 49. Kxa6 f3 50. a4 bxa4 51. Ka5 f2 52. Kb4 f1Q 53. b3 Qb5+ 54. Kc3 a3 55. Kc2 Ne4 56. Kb1 Qxb3+ 57. Kc1 Qb2# 0-1

[Event "GER-ch U14"]
[Site "Willingen"]
[Date "2018.05.24"]
[Round "7"]
[White "Wu, Leon"]
[Black "Kanzow, Alexander"]
[Result "0-1"]
[WhiteElo "2053"]
[BlackElo "1730"]
[PlyCount "96"]
[EventDate "2018.05.19"]
[EventType "swiss"]
[EventRounds "9"]
[EventCountry "GER"]
[SourceTitle "CBM 184 Extra"]
[Source "ChessBase"]
[SourceDate "2018.06.28"]
[SourceVersion "1"]
[SourceVersionDate "2018.06.28"]
[SourceQuality "1"]

1. e4 c5 2. Nf3 Nc6 3. d4 cxd4 4. Nxd4 Nf6 5. Nc3 e5 6. Ndb5 d6 7. Bg5 a6 8. Na3 b5 9. Nd5 Be7 10. Bxf6 Bxf6 11. c4 b4 12. Nc2 a5 13. Qf3 Be6 14. Nxf6+ Qxf6 15. Qxf6 gxf6 16. Bd3 Rg8 17. g3 Kd7 18. Ke2 Kc7 19. Ke3 Kb6 20. b3 Kc5 21. Rhg1 Nd4 22. Nxd4 exd4+ 23. Kf3 a4 24. Rab1 axb3 25. axb3 Ra2 26. e5 fxe5 27. g4 Rd2 28. Be4 Rxg4 29. Rxg4 Bxg4+ 30. Kxg4 Rxf2 31. Kg3 Rf4 32. Bd3 h5 33. Rf1 Rg4+ 34. Kh3 e4 35. Be2 Rg5 36. Rxf7 d3 37. Bd1 Re5 38. Kg2 e3 39. Kf1 Kd4 40. Rf6 Kc3 41. Rxd6 Ra5 42. Re6 Kd2 43. Rd6 Ra1 44. Rxd3+ Kxd3 45. Ke1 e2 46. Kf2 exd1Q 47. h4 Ra2+ 48. Kg3 Qg4# 0-1

[Event "Verbandsliga Nordbaden 1718"]
[Site "Baden"]
[Date "2018.03.11"]
[Round "7.6"]
[White "Wu, Leon"]
[Black "Oden, Edgar"]
[Result "1-0"]
[WhiteElo "1948"]
[BlackElo "2008"]
[PlyCount "87"]
[EventDate "2017.10.08"]
[EventType "team-tourn"]
[EventRounds "9"]
[EventCountry "GER"]
[SourceTitle "EXT 2019"]
[Source "ChessBase"]
[SourceDate "2018.10.10"]
[SourceVersion "1"]
[SourceVersionDate "2018.10.10"]
[SourceQuality "1"]
[WhiteTeam "Lindenhof"]
[BlackTeam "Bad Mergentheim II"]
[WhiteTeamCountry "GER"]
[BlackTeamCountry "GER"]

1. e4 Nf6 2. e5 Nd5 3. c4 Nb6 4. d4 d6 5. exd6 exd6 6. Be3 Nc6 7. Nf3 Bg4 8. Nbd2 Be7 9. Rc1 Bf6 10. Ne4 Bxf3 11. Nxf6+ Qxf6 12. Qxf3 Qxf3 13. gxf3 d5 14. c5 Nd7 15. Bd3 Nf8 16. Kd2 Ne6 17. Kc3 0-0 18. b4 a6 19. h4 f5 20. f4 Ne7 21. h5 Kf7 22. Rce1 Rh8 23. Bd2 g6 24. Re5 Nc6 25. Rxd5 Rhd8 26. Bc4 Kf6 27. Rxd8 Ncxd8 28. hxg6 hxg6 29. Rh7 Nf7 30. d5 Nf8 31. Rh1 Re8 32. Be3 Ke7 33. Bd4 Kd7 34. Rd1 Nd8 35. d6 cxd6 36. Be5 Nfe6 37. Rxd6+ Ke7 38. a4 Kf8 39. Rd7 Nf7 40. Rxb7 Nxe5 41. fxe5 g5 42. Bxa6 g4 43. Bc4 f4 44. Bd5 1-0

[Event "Verbandsliga Nordbaden 1718"]
[Site "Baden"]
[Date "2017.12.03"]
[Round "3.6"]
[White "Wu, Leon"]
[Black "Elis, Volker"]
[Result "1-0"]
[WhiteElo "1948"]
[BlackElo "2200"]
[PlyCount "81"]
[EventDate "2017.10.08"]
[EventType "team-tourn"]
[EventRounds "9"]
[EventCountry "GER"]
[SourceTitle "EXT 2019"]
[Source "ChessBase"]
[SourceDate "2018.10.10"]
[SourceVersion "1"]
[SourceVersionDate "2018.10.10"]
[SourceQuality "1"]
[WhiteTeam "Lindenhof"]
[BlackTeam "Heidelberg"]
[WhiteTeamCountry "GER"]
[BlackTeamCountry "GER"]

1. e4 e6 2. d4 d5 3. Nc3 Bb4 4. e5 Ne7 5. f4 b6 6. Nf3 Ba6 7. Bd3 Bxd3 8. Qxd3 c5 9. Bd2 Nbc6 10. Nb5 Bxd2+ 11. Kxd2 c4 12. Qe2 Nc8 13. Raf1 a6 14. Nc3 N8e7 15. g4 b5 16. a3 Qb6 17. Qe3 0-0-0 18. Na2 Kb7 19. Nb4 Nxb4 20. axb4 Nc6 21. Qc3 Qc7 22. f5 Qe7 23. Qa3 Ra8 24. c3 Rhd8 25. Rf2 Rd7 26. Rhf1 f6 27. Re1 fxe5 28. Nxe5 Nxe5 29. Rxe5 Qh4 30. Rfe2 exf5 31. gxf5 Rf8 32. Re6 Qg5+ 33. Kd1 Ra8 34. f6 Qg1+ 35. Kc2 Qg6+ 36. Kc1 Qg1+ 37. Re1 Qxh2 38. R1e5 gxf6 39. Qa5 Qg1+ 40. Re1 Qg5+ 41. Kb1 1-0

[Event "GER-chT U12"]
[Site "Magdeburg"]
[Date "2016.12.29"]
[Round "6.1"]
[White "Wu, Leon"]
[Black "Gallasch, Jonas"]
[Result "1-0"]
[WhiteElo "1870"]
[BlackElo "1755"]
[PlyCount "67"]
[EventDate "2016.12.27"]
[EventType "team-swiss"]
[EventRounds "7"]
[EventCountry "GER"]
[SourceTitle "EXT 2018"]
[Source "ChessBase"]
[SourceDate "2017.10.13"]
[SourceVersion "1"]
[SourceVersionDate "2017.10.13"]
[SourceQuality "1"]
[WhiteTeam "Mannheim Lindenhof"]
[BlackTeam "Porz SG"]
[WhiteTeamCountry "GER"]
[BlackTeamCountry "GER"]

1. e4 c6 2. d4 d5 3. Nc3 dxe4 4. Nxe4 Bf5 5. Ng3 Bg6 6. h4 h6 7. h5 Bh7 8. Nf3 Nd7 9. Bd3 Bxd3 10. Qxd3 Qc7 11. Bd2 e6 12. 0-0-0 Ngf6 13. Ne4 Nxe4 14. Qxe4 Bd6 15. Qg4 Rh7 16. Qh3 Bf4 17. Qh4 Bxd2+ 18. Rxd2 Qa5 19. Kb1 Nf6 20. Rd3 Qf5 21. Ne5 Qe4 22. Qh2 Rd8 23. f3 Qd5 24. g4 Nd7 25. Rhd1 Rh8 26. c4 Qd6 27. Qe2 Qc7 28. Nxd7 Rxd7 29. d5 cxd5 30. cxd5 Rd6 31. dxe6 Rxe6 32. Qd2 Rf8 33. Rd8+ Ke7 34. Rd7+ 1-0

[Event "GER-ch U12"]
[Site "Willingen"]
[Date "2016.05.21"]
[Round "11"]
[White "Wu, Leon"]
[Black "Pauls, Fynn"]
[Result "1-0"]
[WhiteElo "1840"]
[BlackElo "1651"]
[PlyCount "81"]
[EventDate "2016.05.15"]
[EventType "swiss"]
[EventRounds "11"]
[EventCountry "GER"]
[SourceTitle "CBM 172 Extra"]
[Source "ChessBase"]
[SourceDate "2016.06.21"]
[SourceVersion "1"]
[SourceVersionDate "2016.06.21"]
[SourceQuality "1"]

1. e4 d6 2. d4 Nf6 3. Nc3 g6 4. Nf3 Bg7 5. Be2 c6 6. 0-0 0-0 7. Re1 Nbd7 8. b3 b5 9. Bf1 a6 10. Bb2 c5 11. Nb1 Bb7 12. Nbd2 Qc7 13. Rc1 e5 14. d5 Nb6 15. c4 b4 16. Kh1 Bc8 17. g3 Ng4 18. Kg1 Nh6 19. Bg2 f5 20. Ng5 Qe7 21. f4 exf4 22. Bxg7 Qxg7 23. gxf4 Ng4 24. Ndf3 h6 25. Ne6 Bxe6 26. dxe6 fxe4 27. Rxe4 Qe7 28. Qe1 Kh7 29. Nh4 Rg8 30. h3 Nf6 31. Re2 Rae8 32. f5 g5 33. Ng6 Qc7 34. e7 Nbd7 35. Re6 Nh5 36. Rd1 Ng7 37. Rexd6 Nb8 38. Qe5 Rc8 39. Nf8+ Rgxf8 40. exf8Q Rxf8 41. Rxh6+ 1-0

[Event "GER-ch U12"]
[Site "Willingen"]
[Date "2016.05.20"]
[Round "10"]
[White "Sulayev, Daniel"]
[Black "Wu, Leon"]
[Result "1-0"]
[WhiteElo "1806"]
[BlackElo "1840"]
[PlyCount "81"]
[EventDate "2016.05.15"]
[EventType "swiss"]
[EventRounds "11"]
[EventCountry "GER"]
[SourceTitle "CBM 172 Extra"]
[Source "ChessBase"]
[SourceDate "2016.06.21"]
[SourceVersion "1"]
[SourceVersionDate "2016.06.21"]
[SourceQuality "1"]

1. e4 c5 2. Nf3 d6 3. d4 cxd4 4. Qxd4 Nc6 5. Bb5 e5 6. Qd3 Be7 7. Nc3 a6 8. Bxc6+ bxc6 9. 0-0 Nf6 10. Bg5 h6 11. Bxf6 Bxf6 12. Rad1 Be7 13. Na4 0-0 14. c4 f5 15. c5 d5 16. Nxe5 fxe4 17. Qg3 Qe8 18. Ng6 Rf7 19. Nb6 Ra7 20. Qb8 Bxc5 21. Qxc8 Qxc8 22. Nxc8 Rac7 23. Rc1 Bxf2+ 24. Rxf2 Rxc8 25. Rxf7 Kxf7 26. Rxc6 Rb8 27. b3 a5 28. Kf2 a4 29. Ne5+ Ke7 30. Ra6 Rf8+ 31. Ke2 Rf5 32. Nc6+ Kd7 33. Nd4 Rg5 34. Kf2 axb3 35. axb3 Rg4 36. g3 Rg5 37. b4 Re5 38. Ke3 Rh5 39. Ra7+ Kd6 40. h4 g5 41. g4 1-0